| 000 | 01163cam a2200349Ia 4500 | ||
|---|---|---|---|
| 001 | 50436 | ||
| 005 | 20230411090003.0 | ||
| 008 | 070925s2007 mx a b 000 0 spa d | ||
| 035 | _a(OCoLC)ocn173606817 | ||
| 040 |
_aPL# _bspa _cPL# _dCUY _dIXA |
||
| 020 | _a9707225564 | ||
| 020 | _a9789707225565 | ||
| 029 | 0 |
_aPL# _b070012864 |
|
| 035 | _a(OCoLC)173606817 | ||
| 043 | _an-mx--- | ||
| 090 |
_aHD9275.M63 _bL347 2007 |
||
| 049 | _aGRAL | ||
| 100 | 1 | _aSuárez Paniagua, Susana. | |
| 245 | 1 | 0 |
_aCambio tecnológico y sociocultural : _bactores rurales y producción lechera en la laguna / _cSusana Suárez Paniagua. |
| 250 | _a1. ed. | ||
| 260 |
_aMéxico, D. F. : _bPlaza y Valdés, _c2007. |
||
| 300 |
_a321 p. : _bill. ; _c23 cm. |
||
| 504 | _aIncludes bibliographical references (p. [311]-321). | ||
| 650 | 0 |
_aMilk trade _zMexico _zLaguna Region. |
|
| 650 | 0 |
_aDairy products industry _zMexico _zLaguna Region. |
|
| 653 |
_aAgroindustria _aMéxico |
||
| 653 |
_aSistema lechero _aProducción _aTrabajo |
||
| 653 | _aInnovaciones tecnológicas | ||
| 938 |
_aPuvill Libros _bPUVL _n9789707225565 _c$75.14 |
||
| 942 |
_2lcc _cbk |
||
| 994 |
_aC0 _bDRFGD |
||
| 999 |
_c110447 _d110447 |
||